El valor de Katrin / (Registro nro. 11014)

Detalles MARC
000 -LIDER
fixed length control field 00725cam a2200277 i 4500
001 - NÚMERO DE CONTROL
Identificador de número de control 0000567
003 - IDENTIFICACDOR DE NÚMERO DE CONTROL
control field DO-SdBNP
005 - DATE AND TIME OF LATEST TRANSACTION
control field 20180205152917.0
007 - CAMPOS FIJOS DE DESCRIPCIÓN FÍSICA
fixed length control field 0000567
008 - ELEMENTOS DE LONGITUD FIJA
fixed length control field 100514s 1968 sp a 000 f spa
015 ## - NÚMERO DENTRO DE LA BIBLIOGRAFÍA NACIONAL
National bibliography number
017 ## - NÚMERO DE REGISTRO DE DERECHOS DE AUTOR
Copyright or legal deposit number
Assigning agency
035 ## - NÚMERO LOCAL
System control number
040 ## - FUENTE DE CATALOGACIÓN
Agencia que crea de manera original el registro BPMSU
Idioma de catalogación spa
Agencia que realiza la transcripción BPMSU
Convenciones de la despripción
080 ## - NÚMERO DE CLASIFICACIÓN DECIMAL UNIVERSAL
Universal Decimal Classification number
100 1# - ASIENTO PRINCIPAL -- NOMBRE PERSONAL
Nombre personal Bratt, Berte
240 14 - TITULO UNIFORME
Título uniforme Hab mut, Katrin
Idioma de una obra ale.
245 13 - MENCIÓN DE TITULO
Título El valor de Katrin /
Medio (Designación general de material)
Mención de responsabilidad Berte Bratt ; traducción H. Dauer de Martos
260 ## - PUBLICACIÓN, DISTRIBUCIÓN, ETC. (PIE DE IMPRENTA)
Lugar de publicación, distribución, etc Barcelona :
Nombre del editor, distribuidor, etc. Molino,
Fecha de publicación, distribución, etc 1968.
300 ## - DESCRIPCIÓN FÍSICA
Extensión 174 p.:
Otros detalles físicos il.
Dimensiones 21 m
500 ## - NOTA GENERAL
Nota general Libro de pasta dura.
700 12 - ASIENTO SECUNDARIO -- NOMBRE PERSONAL
Nombre personal Dauer de Martos, H.
Mención de responsabilidad trad.
942 ## - ADDED ENTRY ELEMENTS (KOHA)
Source of classification or shelving scheme Dewey Decimal Classification
Koha item type Libros
945 ## - INFORMACIÓN DE PROCESAMIENTO LOCAL
Información de procesamiento local Inventariado, 2018 / BT
956 ## - LOCAL ELECTRONIC LOCATION AND ACCESS (OCLC)
Nombre de host YLOCKWARD
Campo enlazado y núm. de secuencia 10
Información de compresión BPMSU
Existencias
Withdrawn status Lost status Source of classification or shelving scheme Damaged status Not for loan Collection code Home library Current library Date acquired Source of acquisition Total Checkouts Barcode Date last seen Price effective from Koha item type
    Dewey Decimal Classification     Colección General Biblioteca Pública Metropolitana Salomé Ureña Biblioteca Pública Metropolitana Salomé Ureña 07/22/2016 Sin sellar   BPMSU16070639 07/22/2016 07/22/2016 Libros